| 000 | 00934nam a2200229 a 4500 | ||
|---|---|---|---|
| 008 | 120416s1996 ||||||||||||||||| || u | ||
| 020 | _a0521477468 | ||
| 050 | _aCC 135 Gre | ||
| 100 | _aGreenfield, Jeanette | ||
| 245 | 1 | 4 | _aThe return of cultural treasures |
| 250 | _a2nd ed. | ||
| 260 |
_aCambridge _bCambridge University Press _c1996. |
||
| 300 | _axix, 351p. : ill. | ||
| 350 | _a0.00 | ||
| 500 | _aBibliography. | ||
| 650 | _aCULTURE | ||
| 650 | _aRESTITUTION | ||
| 650 | _aCULTURAL PROPERTY--PROTECTION (INTERNATIONAL LAW) | ||
| 650 | _aCULTURAL PROPERTY--PROTECTION | ||
| 995 |
_aMAIN LIBRARY OPEN ACCESS _D0.00 _e727999 _FCBU-MAIN LIBRARY (Kitwe) _H2 _I45.00 _jCC 135 Gre _M2 _UAVAILABLE _WJun 14, 2006 _y026346 _ZMain Library Open Access Collection |
||
| 995 |
_aMAIN LIBRARY OPEN ACCESS _D0.00 _e727998 _FCBU-MAIN LIBRARY (Kitwe) _H1 _I45.00 _jCC 135 Gre _M1 _UAVAILABLE _WJun 14, 2006 _y026386 _ZMain Library Open Access Collection |
||
| 999 |
_c80207 _d80207 |
||